LEADER 00907nam a2200217 i 4500 001 000000133921 003 CaOOAMICUS 005 20260407100347.0 008 170516s1990 it u000 u ita u 040 $aSeMil$bita 100 1 $aCesana, Gianni.$0(OLS)http://semarc/name/15497 245 10$aDizionario dei sinonimi e dei contrari /$cGianni Cesana. 264 1$a[S.l.] :$bEdizioni della Specola,$c1990. 300 $aVII, 662 p. ;$c25 cm. 650 4$aLingua italiana - Sinonimi e contrari - Dizionari.$0(OLS)http://semarc/subject/1115 850 $aSeMil 852 $aSeMil$W1$xVenegono$y1$mSL1.A III 1$j269709$B87710$CSeMilBibl$Z2$F92228 $8I 961 $aLascito: Coronelli don Renato 996 $6245$aDizionario dei sinonimi e dei contrari$9(OLS)http://semarc/title/138190 996 $6264$a[S.l.] :$bEdizioni della Specola$9(OLS)http://semarc/publisher/57223